[Event "Gashimov Memorial 2019"]
[Site "Shamkir AZE"]
[Date "2019.04.07"]
[Round "7"]
[White "Carlsen, Magnus"]
[Black "Giri, Anish"]
[Result "1-0"]
[WhiteElo "2845"]
[BlackElo "2797"]
[PlyCount "76"]
[EventDate "2019.03.31"]

1. c4 e5 2. Nc3 Nf6 3. Nf3 Nc6 4. g3 d5 5. cxd5 Nxd5 6. Bg2 Bc5 7. O-O O-O 8.
d3 h6 9. Nxd5 Qxd5 10. a3 a5 11. Bd2 Qe6 12. Rc1 Qe7 13. Bc3 Nd4 14. e3 Nxf3+
15. Qxf3 Bd6 16. Qh5 c6 17. f4 exf4 18. gxf4 Qxe3+ 19. Kh1 Rd8 20. Rce1 Qc5 21.
f5 Bf8 22. Be4 Rd5 23. Rf3 b5 24. Rg1 Ra7 25. Bf6 g6 26. Qh3 Rd6 27. Qh4 Rxf6
28. Qxf6 Be7 29. Qxc6 Qxc6 30. Bxc6 Kg7 31. fxg6 fxg6 32. d4 a4 33. d5 b4 34.
Be8 Bg5 35. h4 Bxh4 36. Rxg6+ Kh7 37. Rc6 Bg4 38. Rf4 Rg7 1-0

[Event "Gashimov Memorial 2019"]
[Site "Shamkir AZE"]
[Date "2019.04.07"]
[Round "7"]
[White "Radjabov, Teimour"]
[Black "Topalov, Veselin"]
[Result "1/2-1/2"]
[WhiteElo "2756"]
[BlackElo "2740"]
[PlyCount "76"]
[EventDate "2019.03.31"]

1. e4 e5 2. Nf3 Nc6 3. d4 exd4 4. Nxd4 Nf6 5. Nxc6 bxc6 6. e5 Qe7 7. Qe2 Nd5 8.
c4 Nb6 9. Nc3 a5 10. Bd2 g6 11. Ne4 Bg7 12. Nf6+ Kd8 13. O-O-O Ba6 14. Qg4 Kc8
15. Bxa5 h5 16. Qg3 h4 17. Qg4 Qxe5 18. Bc3 Qf5 19. Qxf5 gxf5 20. Nxd7 Bxc3 21.
Nxb6+ cxb6 22. bxc3 Kc7 23. Be2 Rag8 24. Rhg1 c5 25. g3 hxg3 26. hxg3 Rh2 27.
Rgf1 f4 28. Rd2 Bc8 29. Bf3 fxg3 30. fxg3 Rxd2 31. Kxd2 Rxg3 32. Bd5 Be6 33.
Bxe6 fxe6 34. Rf7+ Kd6 35. Rb7 Kc6 36. Re7 Kd6 37. Rb7 Kc6 38. Re7 Kd6 1/2-1/2

[Event "Gashimov Memorial 2019"]
[Site "Shamkir AZE"]
[Date "2019.04.07"]
[Round "7"]
[White "Anand, Viswanathan"]
[Black "Grischuk, Alexander"]
[Result "1/2-1/2"]
[WhiteElo "2779"]
[BlackElo "2771"]
[PlyCount "64"]
[EventDate "2019.03.31"]

1. e4 e5 2. Nf3 Nc6 3. Bb5 Nf6 4. d3 Bc5 5. c3 d5 6. Nbd2 dxe4 7. dxe4 O-O 8.
O-O a5 9. Bxc6 bxc6 10. Nxe5 Re8 11. Nb3 Qxd1 12. Rxd1 Bb6 13. Nc4 Nxe4 14.
Nxb6 cxb6 15. f3 Nc5 16. Nxc5 bxc5 17. Rd6 Bf5 18. Bf4 Re6 19. g4 Rxd6 20. Bxd6
Be6 21. Bxc5 a4 22. Kf2 h5 23. h3 hxg4 24. hxg4 Rb8 25. b3 axb3 26. axb3 Rxb3
27. Bd4 c5 28. Bxc5 Rxc3 29. Be3 Rc2+ 30. Kg3 Rc3 31. Kf2 Rc2+ 32. Kg3 Rc3
1/2-1/2

[Event "Gashimov Memorial 2019"]
[Site "Shamkir AZE"]
[Date "2019.04.08"]
[Round "8"]
[White "Grischuk, Alexander"]
[Black "Navara, David"]
[Result "1-0"]
[WhiteElo "2771"]
[BlackElo "2739"]
[PlyCount "79"]
[EventDate "2019.03.31"]

1. e4 c6 2. d4 d5 3. e5 c5 4. dxc5 e6 5. a3 Nc6 6. Nf3 Bxc5 7. b4 Bb6 8. b5 Nb8
9. Bb2 a6 10. a4 Nh6 11. Be2 axb5 12. axb5 Rxa1 13. Bxa1 Nd7 14. O-O O-O 15. c4
f6 16. Nbd2 Ng4 17. exf6 Ndxf6 18. h3 Nxf2 19. Rxf2 Ne4 20. Nxe4 dxe4 21. Qxd8
Rxd8 22. Ng5 Rd2 23. c5 Bxc5 24. Nxe4 Bxf2+ 25. Kxf2 Rc2 26. Ke3 Bd7 27. Nd6
Rc5 28. Nxb7 Rg5 29. b6 Rxg2 30. Na5 Bc8 31. Be5 Rg1 32. b7 Bxb7 33. Nxb7 Rh1
34. Bg4 Kf7 35. Nd6+ Ke7 36. Ne4 h5 37. Ng3 Re1+ 38. Be2 g6 39. h4 Ra1 40. Bxa1
1-0

[Event "Gashimov Memorial 2019"]
[Site "Shamkir AZE"]
[Date "2019.04.08"]
[Round "8"]
[White "Radjabov, Teimour"]
[Black "Anand, Viswanathan"]
[Result "1/2-1/2"]
[WhiteElo "2756"]
[BlackElo "2779"]
[PlyCount "65"]
[EventDate "2019.03.31"]

1. d4 Nf6 2. c4 e6 3. Nf3 d5 4. Nc3 Be7 5. Bf4 O-O 6. e3 c5 7. dxc5 Bxc5 8.
cxd5 Nxd5 9. Nxd5 exd5 10. Bd3 Bb4+ 11. Nd2 d4 12. Qc2 h6 13. O-O Nc6 14. a3
Bd6 15. Bxd6 Qxd6 16. e4 Ne5 17. Nc4 Nxc4 18. Qxc4 Be6 19. Qb4 Qxb4 20. axb4
Rfc8 21. Rfc1 g5 22. Kf1 Rxc1+ 23. Rxc1 a5 24. b5 a4 25. Ke2 a3 26. bxa3 Rxa3
27. Rc7 Ra2+ 28. Ke1 b6 29. Rc6 Ra1+ 30. Kd2 Ra2+ 31. Ke1 Ra1+ 32. Kd2 Ra2+ 33.
Ke1 1/2-1/2

[Event "Gashimov Memorial 2019"]
[Site "Shamkir AZE"]
[Date "2019.04.08"]
[Round "8"]
[White "Topalov, Veselin"]
[Black "Ding, Liren"]
[Result "0-1"]
[WhiteElo "2740"]
[BlackElo "2812"]
[PlyCount "219"]
[EventDate "2019.03.31"]

1. d4 Nf6 2. c4 e6 3. Nc3 Bb4 4. Nf3 O-O 5. Qc2 d5 6. Bg5 h6 7. Bxf6 Qxf6 8. a3
Bxc3+ 9. Qxc3 dxc4 10. Qxc4 Nc6 11. Qc3 Re8 12. Ne5 Rb8 13. g3 Rd8 14. e3 Nxe5
15. dxe5 Qf3 16. Rg1 Qc6 17. Qxc6 bxc6 18. Rb1 c5 19. Be2 Kf8 20. f3 Ke7 21.
Bc4 Rb6 22. Ke2 Bd7 23. b3 Rdb8 24. Rbc1 Bb5 25. Rgd1 Ra6 26. Bxb5 Rxb5 27. Rd3
Rxa3 28. Rcd1 Ra2+ 29. Ke1 Rb8 30. Rd7+ Kf8 31. Rxc7 Kg8 32. Rd2 Rxd2 33. Kxd2
Rxb3 34. Rxc5 Rb2+ 35. Kd3 Rxh2 36. g4 Ra2 37. Rc8+ Kh7 38. Rc7 Kg6 39. f4 Rg2
40. Ke4 Rxg4 41. Kf3 Rg1 42. Rxa7 h5 43. Ra8 Kh7 44. Rf8 Kg6 45. Rh8 Ra1 46.
Kg2 Ra5 47. Kf3 Rb5 48. Re8 Rb7 49. Rh8 Ra7 50. Kg2 f6 51. exf6 gxf6 52. Re8
Kf7 53. Rh8 Ra5 54. Kf3 Kg7 55. Re8 e5 56. Ke4 h4 57. fxe5 fxe5 58. Kf5 h3 59.
Re7+ Kh6 60. Re8 Ra7 61. Rb8 h2 62. Rb6+ Kh5 63. Rb1 Kh4 64. e4 Re7 65. Ra1 Re8
66. Rb1 Kg3 67. Rb3+ Kg2 68. Rb2+ Kh3 69. Rb3+ Kh4 70. Rb1 Rh8 71. Kxe5 Kg3 72.
Rh1 Kg2 73. Rxh2+ Rxh2 74. Kf6 Kf3 75. e5 Kf4 76. e6 Rh6+ 77. Kf7 Kf5 78. e7
Rh7+ 79. Kf8 Kf6 80. e8=N+ Kg6 81. Nd6 Rd7 82. Ne8 Rf7+ 83. Kg8 Ra7 84. Kf8 Rd7
85. Kg8 Rf7 86. Nd6 Rd7 87. Ne8 Kf5 88. Kf8 Kg5 89. Kg8 Kg6 90. Kf8 Rf7+ 91.
Kg8 Rf1 92. Ng7 Kf6 93. Nh5+ Kg5 94. Ng7 Kg6 95. Ne8 Rf3 96. Ng7 Kf6 97. Nh5+
Ke6 98. Kh7 Kf5 99. Ng7+ Kf6 100. Nh5+ Kg5 101. Ng7 Rh3+ 102. Kg8 Kf6 103. Ne8+
Ke6 104. Ng7+ Ke7 105. Nf5+ Kf6 106. Nd6 Rh5 107. Nf7 Rd5 108. Nh6 Rd8+ 109.
Kh7 Rd7+ 110. Kg8 0-1

[Event "Gashimov Memorial 2019"]
[Site "Shamkir AZE"]
[Date "2019.04.08"]
[Round "8"]
[White "Giri, Anish"]
[Black "Mamedyarov, Shakhriyar"]
[Result "1/2-1/2"]
[WhiteElo "2797"]
[BlackElo "2790"]
[PlyCount "84"]
[EventDate "2019.03.31"]

1. e4 e5 2. Nf3 Nc6 3. Bc4 Bc5 4. c3 Nf6 5. d3 d6 6. O-O a6 7. a4 Ba7 8. Re1
Ng4 9. Rf1 Nf6 10. Nbd2 Ne7 11. Re1 Ng6 12. Nf1 O-O 13. Ng3 c6 14. Bb3 Re8 15.
h3 d5 16. Bg5 Be6 17. d4 exd4 18. exd5 cxd5 19. Nxd4 h6 20. Be3 Bd7 21. Ndf5
Bxe3 22. Nxe3 Be6 23. a5 Qc7 24. Qd4 Ne7 25. Ba4 Bd7 26. Bc2 Rad8 27. Qh4 Be6
28. Bf5 Qd7 29. Bxe6 fxe6 30. Ng4 Nxg4 31. Qxg4 Nc6 32. Nh5 Kh7 33. Nf4 e5 34.
Qxd7 Rxd7 35. Rad1 d4 36. cxd4 Nxd4 37. Kf1 Rdd8 38. Nd3 Nb3 39. f3 Rd5 40. Nf2
Rxa5 41. Rd7 Nc5 42. Rd5 Nb3 1/2-1/2

[Event "Dubai Open 2019"]
[Site "Dubai UAE"]
[Date "2019.04.01"]
[Round "1"]
[White "Matlakov, Maxim"]
[Black "Gandhi, Anish"]
[Result "1-0"]
[WhiteElo "2692"]
[BlackElo "2156"]
[PlyCount "53"]
[EventDate "2019.04.01"]

1. d4 Nf6 2. Nf3 g6 3. g3 Bg7 4. Bg2 O-O 5. O-O d5 6. c3 c5 7. dxc5 Na6 8. b4
Ne4 9. Nd4 e5 10. Nb5 b6 11. cxb6 Qxb6 12. a4 Bb7 13. Be3 d4 14. cxd4 exd4 15.
Bxd4 Bxd4 16. Qxd4 Qxd4 17. Nxd4 Nxb4 18. Na3 Rab8 19. Rac1 Rfd8 20. e3 Rd7 21.
Nc4 Bd5 22. Ne5 Rd6 23. Rc7 f6 24. Ng4 Rb7 25. Rfc1 Ra6 26. Rxb7 Bxb7 27. Rb1
1-0

[Event "Dubai Open 2019"]
[Site "Dubai UAE"]
[Date "2019.04.02"]
[Round "2"]
[White "Akash, G."]
[Black "Matlakov, Maxim"]
[Result "0-1"]
[WhiteElo "2411"]
[BlackElo "2692"]
[PlyCount "126"]
[EventDate "2019.04.01"]

1. e4 c5 2. Nf3 d6 3. d4 cxd4 4. Nxd4 Nf6 5. Nc3 a6 6. h3 e5 7. Nde2 h5 8. Bg5
Be6 9. Bxf6 Qxf6 10. Nd5 Qd8 11. Nec3 g6 12. Bc4 Bh6 13. O-O O-O 14. Bb3 Nd7
15. Qf3 Nc5 16. Rfd1 b5 17. a4 b4 18. Nxb4 Nxb3 19. cxb3 Bxb3 20. Rd3 Rc8 21.
Nb5 axb5 22. Rxb3 bxa4 23. Rba3 Bc1 24. Nd3 Bd2 25. Rxa4 Rc2 26. Ra7 Rc7 27.
R7a6 Bg5 28. Nb4 Rb7 29. Nc6 Qd7 30. b4 Bd8 31. Qd3 Bb6 32. Qd5 Rc8 33. Ra8
Rxa8 34. Rxa8+ Kg7 35. Ra3 Qe6 36. Rd3 Bd4 37. Nxd4 Qxd5 38. exd5 exd4 39. Rxd4
Kf6 40. f4 Ra7 41. g3 Ra3 42. Kg2 Kf5 43. Kh2 Rb3 44. Kg2 Ra3 45. Kh2 Re3 46.
Kg2 Re4 47. Rd3 Rxb4 48. Kf3 Ra4 49. g4+ Kf6 50. Kg3 Rb4 51. Kf3 hxg4+ 52. hxg4
g5 53. f5 Rf4+ 54. Kg3 Ke5 55. Re3+ Re4 56. Ra3 f6 57. Ra8 Re3+ 58. Kf2 Kf4 59.
Rf8 Rd3 60. Rxf6 Rd2+ 61. Kf1 Rxd5 62. Re6 Kxg4 63. f6 Kf5 0-1

[Event "Dubai Open 2019"]
[Site "Dubai UAE"]
[Date "2019.04.03"]
[Round "3"]
[White "Matlakov, Maxim"]
[Black "Visakh, N R."]
[Result "1-0"]
[WhiteElo "2692"]
[BlackElo "2509"]
[PlyCount "107"]
[EventDate "2019.04.01"]

1. c4 e6 2. Nc3 d5 3. d4 Be7 4. cxd5 exd5 5. Bf4 Nf6 6. e3 O-O 7. Bd3 c5 8.
Nge2 Nc6 9. O-O Be6 10. dxc5 Bxc5 11. Rc1 Bd6 12. h3 Re8 13. Bxd6 Qxd6 14. Nb5
Qd8 15. Nbd4 Qb6 16. Qb3 Nxd4 17. Nxd4 Qxb3 18. axb3 Kf8 19. Rc7 Re7 20. Rfc1
Rd8 21. b4 a6 22. b5 axb5 23. Bxb5 Ne8 24. Bxe8 Kxe8 25. R7c5 h5 26. f4 g6 27.
Kf2 Rd6 28. Kf3 Bd7 29. R1c3 Rb6 30. b3 Rd6 31. Ra5 Kf8 32. Rcc5 Bc6 33. b4 Re8
34. Ra7 Rb8 35. Ke2 Be8 36. Kd3 Bc6 37. b5 Be8 38. Kc3 Rd7 39. Kb4 Re7 40. Ra3
Rd8 41. Rac3 b6 42. Rc7 Rxc7 43. Rxc7 Rd6 44. Kc3 Bd7 45. Nc6 Bxc6 46. bxc6 Kg7
47. Rc8 Kf6 48. Kb4 d4 49. c7 Rc6 50. exd4 Ke7 51. Kb5 Kd7 52. Rd8+ Kxc7 53.
Rc8+ Kxc8 54. Kxc6 1-0

[Event "Dubai Open 2019"]
[Site "Dubai UAE"]
[Date "2019.04.04"]
[Round "4"]
[White "Santos Ruiz, Miguel"]
[Black "Matlakov, Maxim"]
[Result "1/2-1/2"]
[WhiteElo "2560"]
[BlackElo "2692"]
[PlyCount "92"]
[EventDate "2019.04.01"]

1. d4 d5 2. c4 c6 3. cxd5 cxd5 4. Bf4 Nc6 5. e3 e6 6. Nc3 Bd6 7. Bxd6 Qxd6 8.
Bd3 Nge7 9. f4 O-O 10. Nf3 f6 11. O-O Bd7 12. Qd2 Be8 13. Rac1 Rd8 14. a3 Na5
15. Qe2 Bg6 16. Bxg6 hxg6 17. e4 Nb3 18. Rce1 dxe4 19. Qxe4 Nxd4 20. Nxd4 Qxd4+
21. Qxd4 Rxd4 22. Rxe6 Nc6 23. g3 Rfd8 24. Rf2 Kf7 25. Re4 Rd3 26. Kf1 Nd4 27.
Re1 Nf3 28. Rc1 Nd2+ 29. Kg2 Nc4 30. Kg1 a6 31. Re2 b5 32. Kf2 R3d4 33. Rcc2
R8d7 34. Rc1 Nd2 35. Rd1 f5 36. Kg2 Nc4 37. Rxd4 Rxd4 38. Kf2 Kf6 39. Rc2 g5
40. fxg5+ Kxg5 41. a4 b4 42. Ne2 Re4 43. Nf4 Kh6 44. b3 Ne5 45. Re2 Ng4+ 46.
Kf3 Ne5+ 1/2-1/2

[Event "Dubai Open 2019"]
[Site "Dubai UAE"]
[Date "2019.04.06"]
[Round "5"]
[White "Matlakov, Maxim"]
[Black "Bellahcene, Bilel"]
[Result "1-0"]
[WhiteElo "2692"]
[BlackElo "2560"]
[PlyCount "49"]
[EventDate "2019.04.01"]

1. c4 e6 2. Nc3 d5 3. d4 Bb4 4. a3 Bxc3+ 5. bxc3 Nf6 6. cxd5 exd5 7. e3 O-O 8.
Bd3 c5 9. Ne2 b6 10. O-O Ba6 11. f3 Re8 12. Ng3 Bxd3 13. Qxd3 Nc6 14. Bb2 h5
15. Rae1 h4 16. Nf5 Nh5 17. e4 h3 18. g3 Ne7 19. e5 Qd7 20. Nd6 Rf8 21. Nxf7 c4
22. Qc2 Rxf7 23. e6 Qd6 24. exf7+ Kxf7 25. Re5 1-0

[Event "Dubai Open 2019"]
[Site "Dubai UAE"]
[Date "2019.04.06"]
[Round "6"]
[White "Matlakov, Maxim"]
[Black "Deepan, Chakkravarthy J"]
[Result "1-0"]
[WhiteElo "2692"]
[BlackElo "2534"]
[PlyCount "75"]
[EventDate "2019.04.01"]

1. c4 c6 2. Nf3 Nf6 3. g3 d5 4. Bg2 g6 5. b3 Bg7 6. Bb2 O-O 7. O-O Bg4 8. d4
Nbd7 9. Nc3 Bxf3 10. Bxf3 e5 11. cxd5 exd4 12. Na4 c5 13. b4 b6 14. Rc1 Rc8 15.
Ba3 Ne5 16. bxc5 Nxf3+ 17. exf3 b5 18. d6 Qd7 19. Nb2 Nd5 20. Nd3 a5 21. Re1 b4
22. Bb2 Nc3 23. Bxc3 dxc3 24. Qb3 Qf5 25. Qc4 Qxf3 26. d7 Rc7 27. Re7 Bh6 28.
Ne5 Qf6 29. Rxf7 Rxf7 30. Nxf7 Rxd7 31. Nxh6+ Kg7 32. Ng4 Rd4 33. Qb5 Qf3 34.
Ne3 Rd2 35. Rf1 Rxa2 36. c6 c2 37. Qc4 b3 38. c7 1-0

[Event "Dubai Open 2019"]
[Site "Dubai UAE"]
[Date "2019.04.07"]
[Round "7"]
[White "Kuzubov, Yuriy"]
[Black "Matlakov, Maxim"]
[Result "1/2-1/2"]
[WhiteElo "2644"]
[BlackElo "2692"]
[PlyCount "71"]
[EventDate "2019.04.01"]

1. d4 d5 2. c4 c6 3. e3 Nf6 4. Nc3 e6 5. Bd3 dxc4 6. Bxc4 Nbd7 7. Nge2 b5 8.
Bd3 Bb7 9. a3 a5 10. O-O b4 11. Ne4 Nxe4 12. Bxe4 Bd6 13. Nf4 O-O 14. Qc2 Nf6
15. Bf3 Qc7 16. axb4 axb4 17. Bd2 g5 18. Nd3 g4 19. Be2 Bxh2+ 20. Kh1 Bd6 21.
Bxb4 c5 22. Rxa8 Rxa8 23. Bxc5 Qc6 24. f3 Nh5 25. Rc1 Ng3+ 26. Kg1 Bxc5 27.
dxc5 Qd5 28. Bd1 Qg5 29. c6 Ba6 30. Nf2 Qxe3 31. Qc3 Bd3 32. c7 Rc8 33. Rc2
Rxc7 34. Qd2 Qxd2 35. Rxd2 Bb5 36. Nxg4 1/2-1/2

[Event "Dubai Open 2019"]
[Site "Dubai UAE"]
[Date "2019.04.08"]
[Round "8"]
[White "Iturrizaga Bonelli, Eduardo"]
[Black "Matlakov, Maxim"]
[Result "1/2-1/2"]
[WhiteElo "2639"]
[BlackElo "2692"]
[PlyCount "47"]
[EventDate "2019.04.01"]

1. d4 Nf6 2. Nf3 d5 3. c4 e6 4. Nc3 Bb4 5. Bg5 dxc4 6. e4 c5 7. Bxc4 cxd4 8.
Nxd4 Bxc3+ 9. bxc3 Qa5 10. Bxf6 Qxc3+ 11. Kf1 gxf6 12. Bb5+ Nd7 13. Nf5 exf5
14. Rc1 Qe5 15. Rxc8+ Rxc8 16. Qxd7+ Kf8 17. Qxc8+ Kg7 18. Qxf5 Qa1+ 19. Ke2
Qxh1 20. Qg4+ Kf8 21. Qc8+ Kg7 22. Qg4+ Kf8 23. Qc8+ Kg7 24. Qg4+ 1/2-1/2

[Event "Dubai Open 2019"]
[Site "Dubai UAE"]
[Date "2019.04.06"]
[Round "5"]
[White "Abdusattorov, Nodirbek"]
[Black "Le, Quang Liem"]
[Result "1/2-1/2"]
[WhiteElo "2560"]
[BlackElo "2715"]
[PlyCount "127"]
[EventDate "2019.04.01"]

1. e4 c5 2. Nf3 Nc6 3. d4 cxd4 4. Nxd4 Nf6 5. Nc3 e5 6. Ndb5 d6 7. Bg5 a6 8.
Na3 b5 9. Nd5 Be7 10. Bxf6 Bxf6 11. c4 b4 12. Nc2 a5 13. Qf3 Bg5 14. h4 Bh6 15.
g3 O-O 16. Bh3 Be6 17. Kf1 g6 18. Kg2 Rb8 19. Rad1 Bg7 20. h5 Rb7 21. b3 Rd7
22. Qe3 Qe8 23. Qg5 f6 24. Bxe6+ Qxe6 25. Qh4 f5 26. hxg6 Qxg6 27. Qh5 fxe4 28.
Qxg6 hxg6 29. Rde1 Rdf7 30. Rhf1 Rf3 31. Rxe4 Rd3 32. Re2 Bh6 33. Rh1 Kg7 34.
Nc7 Rh8 35. Rb1 Kf7 36. Ne1 Nd4 37. Nxd3 Nxe2 38. Rh1 Nc3 39. Nb5 Ke6 40. a4
Bg7 41. Re1 Kd7 42. f4 exf4 43. Nxf4 Rh6 44. Rf1 Ne4 45. Nd5 Ng5 46. c5 dxc5
47. Nb6+ Ke6 48. Nc4 Be5 49. Rf8 Rh8 50. Rxh8 Bxh8 51. Nxa5 Kd7 52. Nc4 Kc6 53.
Kf2 Nf7 54. Ke3 Be5 55. g4 Bb8 56. Na5+ Kd5 57. Nc4 Nh6 58. Kf3 Ng8 59. Ne3+
Kc6 60. Ke4 Nf6+ 61. Kf3 Nh7 62. Nc4 Nf6 63. Ne3 Nh7 64. Ke4 1/2-1/2

[Event "Dubai Open 2019"]
[Site "Dubai UAE"]
[Date "2019.04.06"]
[Round "6"]
[White "Le, Quang Liem"]
[Black "Debashis, Das"]
[Result "1/2-1/2"]
[WhiteElo "2715"]
[BlackElo "2532"]
[PlyCount "62"]
[EventDate "2019.04.01"]

1. Nf3 Nf6 2. g3 d5 3. Bg2 e6 4. O-O Be7 5. c4 O-O 6. d4 dxc4 7. Qc2 a6 8. a4
Bd7 9. Qxc4 Bc6 10. Bf4 Bd6 11. Qc1 a5 12. Nc3 Na6 13. Bd2 Nb4 14. Qb1 Bxf3 15.
Bxf3 c6 16. Rd1 Qe7 17. e4 e5 18. Ne2 Rad8 19. Ra3 Rfe8 20. Re3 Rd7 21. Kg2
Red8 22. Bxb4 Bxb4 23. Red3 g6 24. Qc2 exd4 25. Rxd4 Bc5 26. Rxd7 Rxd7 27. Rxd7
Nxd7 28. Nc1 Bb6 29. Nd3 Nc5 30. Nxc5 Qxc5 31. Qxc5 Bxc5 1/2-1/2

[Event "Dubai Open 2019"]
[Site "Dubai UAE"]
[Date "2019.04.07"]
[Round "7"]
[White "Yeoh, Li Tian"]
[Black "Le, Quang Liem"]
[Result "1/2-1/2"]
[WhiteElo "2522"]
[BlackElo "2715"]
[PlyCount "185"]
[EventDate "2019.04.01"]

1. Nf3 c5 2. c4 Nc6 3. Nc3 e5 4. g3 g6 5. Bg2 Bg7 6. O-O Nge7 7. a3 O-O 8. Ne1
d6 9. Nc2 Be6 10. Ne3 Qd7 11. d3 Bh3 12. Ned5 Bxg2 13. Kxg2 f5 14. Rb1 h6 15.
b4 g5 16. b5 Nxd5 17. Nxd5 Nd4 18. e3 Ne6 19. Qh5 Kh7 20. h3 Bh8 21. Bd2 Rf7
22. Rh1 Rg8 23. Qe2 Nf8 24. f3 Ng6 25. e4 f4 26. g4 Bf6 27. Be1 Bd8 28. Qc2 h5
29. Qa4 b6 30. Qa6 Rh8 31. Bf2 Kg8 32. Rh2 Rfh7 33. Rbh1 Kf7 34. Be1 Nf8 35.
Kg1 Ne6 36. Bf2 Ke8 37. Kg2 Rh6 38. Kg1 Kf7 39. Kg2 Kg6 40. Kg1 Bf6 41. Kg2
R8h7 42. Qa4 Qg7 43. Qd1 Qh8 44. Qg1 Kf7 45. Kf1 Bd8 46. gxh5 Rxh5 47. Qg4 R7h6
48. Ke2 Qh7 49. Kd2 Ke8 50. Kc3 Qd7 51. a4 Nf8 52. Qxd7+ Kxd7 53. Kd2 Rh7 54.
Ke2 Ke6 55. Kf1 Ng6 56. Kg2 R5h6 57. Nc3 Nh8 58. Be1 Nf7 59. Nd1 Nh8 60. Nf2
Ng6 61. Ng4 Rh5 62. Kf1 a6 63. bxa6 Ra7 64. Ra2 Rxa6 65. Ke2 Rh7 66. Bc3 Rha7
67. Rha1 Kd7 68. Be1 Nf8 69. Bc3 Ne6 70. Kd2 Nc7 71. Kc2 b5 72. Kb3 bxc4+ 73.
Kxc4 Kc6 74. Nh6 d5+ 75. exd5+ Nxd5 76. Ng4 Bc7 77. Nxe5+ Bxe5 78. Bxe5 Rb6 79.
Rb2 Re7 80. Bh8 Re8 81. Bg7 Re7 82. Bh8 Rh7 83. Be5 Rxh3 84. Rg1 Rxb2 85. Bxb2
Rg3 86. Rh1 Ne3+ 87. Kb3 Rxf3 88. Rh6+ Kd5 89. a5 c4+ 90. Kb4 cxd3 91. a6 Rf2
92. Bc3 Nc2+ 93. Kb3 1/2-1/2

[Event "Dubai Open 2019"]
[Site "Dubai UAE"]
[Date "2019.04.08"]
[Round "8"]
[White "Le, Quang Liem"]
[Black "Deepan, Chakkravarthy J"]
[Result "1-0"]
[WhiteElo "2715"]
[BlackElo "2534"]
[PlyCount "81"]
[EventDate "2019.04.01"]

1. e4 c5 2. Nc3 a6 3. Nge2 d6 4. d4 cxd4 5. Nxd4 Nf6 6. h3 e6 7. g4 b5 8. Bg2
Bb7 9. O-O b4 10. Nd5 exd5 11. exd5 Be7 12. g5 Nfd7 13. Re1 O-O 14. Nc6 Bxc6
15. dxc6 Ne5 16. c7 Qxc7 17. Bxa8 Nbc6 18. Bxc6 Qxc6 19. Re3 Bxg5 20. Rb3 Bf6
21. a3 Ng6 22. axb4 Nh4 23. Rg3 Qe4 24. Raa3 Qxb4 25. Rg4 Qb7 26. Rb3 Qe7 27.
Re3 Qb7 28. Rb3 Qe7 29. Re3 Qb7 30. c4 h5 31. Rge4 g6 32. Qd5 Qc7 33. Rf4 Qd8
34. Rg3 Kg7 35. Rxf6 Qxf6 36. Bg5 Qxb2 37. Bxh4 Re8 38. Rf3 Re6 39. Kg2 a5 40.
Bd8 a4 41. Ba5 1-0

[Event "Gashimov Memorial 2019"]
[Site "Shamkir AZE"]
[Date "2019.04.09"]
[Round "9"]
[White "Navara, David"]
[Black "Radjabov, Teimour"]
[Result "1/2-1/2"]
[WhiteElo "2739"]
[BlackElo "2756"]
[PlyCount "80"]
[EventDate "2019.03.31"]

1. e4 c6 2. d4 d5 3. e5 Bf5 4. Nf3 e6 5. Be2 c5 6. Be3 cxd4 7. Nxd4 Ne7 8. O-O
Nbc6 9. Bb5 a6 10. Bxc6+ Nxc6 11. Nxf5 exf5 12. c3 Be7 13. Nd2 Qd7 14. Nf3 Qe6
15. Qb3 O-O 16. Bb6 Bd8 17. Bc5 Na5 18. Qc2 Re8 19. Rfe1 Rc8 20. Nd4 Qd7 21.
Bb4 g6 22. Bxa5 Bxa5 23. Qb3 Rcd8 24. Re2 Qc7 25. e6 f6 26. Rd1 Rd6 27. Nf3 Qc6
28. Red2 Bb6 29. Rxd5 Rxd5 30. Qxd5 Qxd5 31. Rxd5 Rxe6 32. Kf1 Re7 33. c4 Kf7
34. b4 Bc7 35. h3 Ke8 36. a4 b6 37. b5 axb5 38. axb5 Re4 39. c5 bxc5 40. Rxc5
Kd7 1/2-1/2

[Event "Gashimov Memorial 2019"]
[Site "Shamkir AZE"]
[Date "2019.04.09"]
[Round "9"]
[White "Ding, Liren"]
[Black "Giri, Anish"]
[Result "1/2-1/2"]
[WhiteElo "2812"]
[BlackElo "2797"]
[PlyCount "52"]
[EventDate "2019.03.31"]

1. d4 Nf6 2. c4 e6 3. Nf3 d5 4. Nc3 Bb4 5. Bg5 h6 6. Bxf6 Qxf6 7. e3 O-O 8. Rc1
dxc4 9. Bxc4 c5 10. O-O cxd4 11. Nxd4 Bd7 12. Qb3 Nc6 13. Nxc6 Bxc3 14. Qxc3
Bxc6 15. Qxf6 gxf6 16. Rfd1 Rfd8 17. f3 f5 18. Kf2 Kg7 19. Be2 Kf6 20. Rxd8
Rxd8 21. Rd1 Rxd1 22. Bxd1 b6 23. a3 Bb5 24. Bc2 Bc6 25. Bd1 Bb5 26. Bc2 Bc6
1/2-1/2

[Event "Gashimov Memorial 2019"]
[Site "Shamkir AZE"]
[Date "2019.04.09"]
[Round "9"]
[White "Carlsen, Magnus"]
[Black "Grischuk, Alexander"]
[Result "1-0"]
[WhiteElo "2845"]
[BlackElo "2771"]
[PlyCount "77"]
[EventDate "2019.03.31"]

1. e4 e5 2. Nf3 Nc6 3. Bb5 Nf6 4. d3 Bc5 5. c3 O-O 6. O-O d6 7. Ba4 Ne7 8. Bc2
Ng6 9. d4 Bb6 10. a4 c6 11. dxe5 Nxe5 12. Nxe5 dxe5 13. Qxd8 Rxd8 14. a5 Bc5
15. Nd2 Be6 16. Re1 b5 17. Nb3 Bxb3 18. Bxb3 Ng4 19. Re2 Rd6 20. Bg5 Kf8 21.
Rf1 Nf6 22. g3 a6 23. Kg2 Nd7 24. Bc1 Ba7 25. f4 f6 26. h4 Re8 27. h5 h6 28.
Ba2 c5 29. Be3 exf4 30. gxf4 Rxe4 31. Bb1 Re7 32. Rfe1 f5 33. Bxf5 Nf6 34. Kf3
Nd5 35. Rd2 Rd8 36. Be4 Red7 37. Red1 Nf6 38. Rxd7 Nxd7 39. Rd6 1-0

[Event "Gashimov Memorial 2019"]
[Site "Shamkir AZE"]
[Date "2019.04.09"]
[Round "9"]
[White "Mamedyarov, Shakhriyar"]
[Black "Karjakin, Sergey"]
[Result "1/2-1/2"]
[WhiteElo "2790"]
[BlackElo "2753"]
[PlyCount "53"]
[EventDate "2019.03.31"]

1. d4 Nf6 2. c4 e6 3. Nf3 d5 4. Nc3 Be7 5. Bf4 O-O 6. e3 c5 7. dxc5 Bxc5 8. a3
Nc6 9. Qc2 Qa5 10. Rd1 Rd8 11. Be2 Ne4 12. cxd5 Nxc3 13. bxc3 exd5 14. O-O h6
15. a4 Bd6 16. Bxd6 Rxd6 17. c4 Rb8 18. c5 Rd8 19. Rd2 Be6 20. Rb1 Rdc8 21. Nd4
Nxd4 22. exd4 Bd7 23. Bb5 Bf5 24. Bd3 Bd7 25. Bb5 Bf5 26. Bd3 Bd7 27. Bb5
1/2-1/2

[Event "Gashimov Memorial 2019"]
[Site "Shamkir AZE"]
[Date "2019.04.09"]
[Round "9"]
[White "Anand, Viswanathan"]
[Black "Topalov, Veselin"]
[Result "1/2-1/2"]
[WhiteElo "2779"]
[BlackElo "2740"]
[PlyCount "62"]
[EventDate "2019.03.31"]

1. e4 e5 2. Nf3 Nc6 3. Bc4 Bc5 4. d3 Nf6 5. O-O d6 6. c3 a6 7. b4 Ba7 8. a4 O-O
9. Nbd2 Ne7 10. h3 c6 11. Re1 Ng6 12. d4 Re8 13. Bd3 Qc7 14. a5 Bd7 15. Nf1 d5
16. Nxe5 Nxe5 17. Bf4 Nxe4 18. Bxe4 dxe4 19. Rxe4 f6 20. dxe5 fxe5 21. Bg3 Bf5
22. Re2 Qf7 23. Ne3 Rad8 24. Rd2 Rxd2 25. Qxd2 Be6 26. Re1 e4 27. Qe2 Qf6 28.
Qc2 Qg6 29. Qd2 Qf6 30. Qc2 Qg6 31. Qd2 Qf6 1/2-1/2

[Event "Dubai Open 2019"]
[Site "Dubai UAE"]
[Date "2019.04.09"]
[Round "9"]
[White "Matlakov, Maxim"]
[Black "Indjic, Aleksandar"]
[Result "1/2-1/2"]
[WhiteElo "2692"]
[BlackElo "2620"]
[PlyCount "112"]
[EventDate "2019.04.01"]

1. d4 Nf6 2. Nf3 e6 3. c4 c5 4. e3 a6 5. Nc3 d5 6. cxd5 exd5 7. g3 Nc6 8. Bg2
Be7 9. O-O O-O 10. dxc5 Bxc5 11. b3 Be6 12. Bb2 Qe7 13. Ne2 Ne4 14. Nfd4 Nxd4
15. Nxd4 Bxd4 16. Qxd4 f6 17. Bxe4 dxe4 18. Qxe4 Rfd8 19. Bd4 Qf7 20. Rac1 Bd5
21. Qf4 Rac8 22. f3 Rxc1 23. Rxc1 Bc6 24. g4 h6 25. Rd1 a5 26. e4 a4 27. Qe3
Qe6 28. Rd2 axb3 29. axb3 Rd7 30. Kg2 Rd8 31. h3 Rd7 32. Qc3 Rd8 33. Re2 Ra8
34. Qb2 Rd8 35. Qc3 Ra8 36. Qb4 Kh7 37. Kg3 Rd8 38. Rd2 Rd7 39. Qc3 Kg8 40. b4
Rd8 41. Qc5 Qb3 42. Kg2 Ra8 43. Bb2 Re8 44. h4 Qe6 45. Kg3 Qb3 46. Kg2 Qe6 47.
Rd6 Qb3 48. Qc3 Qxc3 49. Bxc3 Kf7 50. Kg3 Ke7 51. Rd4 Rd8 52. Rc4 Rd3 53. h5
Ba4 54. Kf4 Ke6 55. Be1 Bd1 56. Rc3 Rxc3 1/2-1/2